000 00422nam a2200145Ia 4500
003 GCL
008 140319s9999 xx 000 0 ara d
040 _aGCL /
_cGCL
082 0 4 _a274.1
_bح م
100 1 _aحارث قريصة
245 1 0 _aالمال /
_cحارث قريصة
260 _a[S.N] :
_bدار الثقافة المسيحية
300 _a53 ص
490 _aسلسلة كتب الاسرة المسيحية
_v0
999 _c37790
_d37790